MARC details
| 000 -CABECERA |
| campo de control de longitud fija |
01288nam a22002537a 4500 |
| 003 - IDENTIFICADOR DEL NÚMERO DE CONTROL |
| campo de control |
OSt |
| 005 - FECHA Y HORA DE LA ÚLTIMA TRANSACCIÓN |
| campo de control |
20210324101335.0 |
| 008 - DATOS DE LONGITUD FIJA--INFORMACIÓN GENERAL |
| campo de control de longitud fija |
210304b ||||| |||| 00| 0 spa d |
| 020 ## - NÚMERO INTERNACIONAL ESTÁNDAR DEL LIBRO |
| Número Internacional Estándar del Libro |
9789945920116 |
| 040 ## - FUENTE DE LA CATALOGACIÓN |
| Centro catalogador/agencia de origen |
DO-SdBNP |
| Lengua de catalogación |
spa |
| Centro/agencia transcriptor |
BNPHU |
| 082 #4 - NÚMERO DE LA CLASIFICACIÓN DECIMAL DEWEY |
| Número de clasificación |
001.42 |
| Número de documento/Ítem |
G633a |
| 100 1# - ENTRADA PRINCIPAL--NOMBRE DE PERSONA |
| Nombre de persona |
Gómez Ramírez, Plácido F. |
| 9 (RLIN) |
72562 |
| 245 10 - MENCIÓN DE TÍTULO |
| Título |
Apuntes sobre ciencia e investigación científica en República Dominicana : |
| Resto del título |
génesis y evolución del Fondo Nacional de Innovación y Desarrollo Científico y Tecnológico (FONDOCYT) 1998-2018 / |
| Mención de responsabilidad, etc. |
Plácido F. Gómez Ramírez, Sixto J. Inchaustegui, Carlos Manuel Rodríguez Peña |
| 260 ## - PUBLICACIÓN, DISTRIBUCIÓN, ETC. |
| Lugar de publicación, distribución, etc. |
Santo Domingo : |
| Nombre del editor, distribuidor, etc. |
Ministerio de Educación Superior, Ciencia y Tecnología , |
| Fecha de publicación, distribución, etc. |
2020. |
| 300 ## - DESCRIPCIÓN FÍSICA |
| Extensión |
382 p. : |
| Otras características físicas |
il. ; |
| Dimensiones |
30 cm |
| 590 ## - NOTA LOCAL (RLIN) |
| Nota local |
Inventariado, 2021 / DG |
| 610 ## - PUNTO DE ACCESO ADICIONAL DE MATERIA--NOMBRE DE ENTIDAD CORPORATIVA |
| Nombre de entidad corporativa o nombre de jurisdicción como elemento de entrada |
Fondo Nacional de Innovación y desarrollo Científico Tecnológico (República Dominicana) |
| Subdivisión cronológica |
1998-2018 |
| 9 (RLIN) |
78249 |
| 650 #4 - PUNTO DE ACCESO ADICIONAL DE MATERIA--TÉRMINO DE MATERIA |
| Término de materia o nombre geográfico como elemento de entrada |
Investigación científica |
| Subdivisión geográfica |
República Dominicana |
| 9 (RLIN) |
36781 |
| 700 ## - PUNTO DE ACCESO ADICIONAL--NOMBRE DE PERSONA |
| Nombre de persona |
Inchaustegui, Sixto J. |
| Término indicativo de función/relación |
Autor |
| 9 (RLIN) |
7053 |
| 700 ## - PUNTO DE ACCESO ADICIONAL--NOMBRE DE PERSONA |
| Nombre de persona |
Rodríguez Peña, Carlos M. |
| Término indicativo de función/relación |
Autor |
| 9 (RLIN) |
78012 |
| 710 2# - PUNTO DE ACCESO ADICIONAL--NOMBRE DE ENTIDAD CORPORATIVA |
| Nombre de entidad corporativa o nombre de jurisdicción como elemento de entrada |
Fondo Nacional de Innovación y Desarrollo Científico y Tecnológico (República Dominicana) |
| 9 (RLIN) |
78250 |
| 910 ## - DATOS DE OPCIÓN DEL USUARIO (OCLC) |
| Datos de opción del usuario |
DG/2021/Validado. Control de calidad MFF |
| 942 ## - ELEMENTOS DE PUNTO DE ACCESO ADICIONAL (KOHA) |
| Fuente del sistema de clasificación o colocación |
Dewey Decimal Classification |
| Tipo de ítem Koha |
Libro |